000 01069nam a2200229Ia 4500
999 _c38284
_d38284
001 4292
003 GE_BSU
005 20191008155442.0
008 181216s2001||||ge |||||||||||||| ||geo||
040 _cGE_BSU
041 _ageo
080 _a94(479.223)+37(479.223) ჯ–26
100 _aჯაფარიძე, შოთა
_94625
245 _aაჭარის ავტონომიური რესპუბლიკა დემოკრატიული გარდაქმნების ეტაპზე (1991-2001) :
_bწ. 1. /
_cშოთა ჯაფარიძე ; რედ. ჯემალ ხოფერია.
300 _a639 გვ. ;
_b20 სმ.
653 _aაჭარის ისტორია;
653 _aაჭარის კონსტიტუცია;
653 _aაჭარის ავტონომია;
653 _a აჭარის საგარეო პოლიტიკა;
700 _aხოფერია, ჯემალ
_eრედაქტორი
_93862
942 _cBK
_2udc